Advance Writing Skills (Record no. 200106)

MARC details
000 -LEADER
fixed length control field 00535nam a22001817a 4500
005 - DATE AND TIME OF LATEST TRANSACTION
control field 20240202120359.0
010 ## - LCCN (DPL NO)
LC control number ENG-138858
020 ## - INTERNATIONAL STANDARD BOOK NUMBER
International Standard Book Number 978-81-7245-538-5
Terms of availability 300.00
035 ## - SYSTEM CONTROL NUMBER
System control number EN-122390
037 ## - SOURCE OF ACQUISITION
Source of stock number/acquisition DBAD/PUB
082 ## - DEWEY DECIMAL CLASSIFICATION NUMBER
Classification number 808.4
100 ## - MAIN ENTRY--PERSONAL NAME
Personal name Paul, D.S
245 ## - TITLE STATEMENT
Title Advance Writing Skills
Statement of responsibility, etc D.S Paul
260 ## - PUBLICATION, DISTRIBUTION, ETC. (IMPRINT)
Place of publication, distribution, etc New Delhi
Name of publisher, distributor, etc Goodwill Publishing House
270 ## - ADDRESS
City New Delhi
Address B-3, Rattan Jyoti, 18 Rajendra Place
Postal code 110008
300 ## - PHYSICAL DESCRIPTION
Extent 343P,
Dimensions 28cm(pbk)
Other physical details Contents
942 ## - ADDED ENTRY ELEMENTS (KOHA)
Source of classification or shelving scheme Dewey Decimal Classification
Item type English Books
Classification part 808.4
Call number suffix Pau
Holdings
Withdrawn status Lost status Not for loan Collection code Home library Current library Date acquired Source of acquisition Cost, normal purchase price Full call number Barcode Copy number Cost, replacement price Koha item type
      Non-fiction Sarojini Nagar Sarojini Nagar 11/01/2024 DBAD 300.00 808.4 Pau EN-122390 1 300.00 English Books

© Delhi Public Library
Hit Counter
free hit counter